000
00331 a2200157 4500
001
183158
020
_a
040
_c
Magnum
100
_a
Rochefort, Christiane
240
1
0
_a
O repouso do guerreiro
_l
por
245
1
0
_a
O repouso do guerreiro
300
_a
248
362
0
_a
1980
697
_a
LITERATURA GERAL
942
_c
BK
999
_c
183158
_d
183158